Nová výstava v BUK-u

Bibliographic Details
Format: Article
Language:Slovak
Subjects:

MARC

LEADER 00000nab a22000001a 4500
001 vtls009361162
003 SK-MaSNL
005 20260426062924.0
008 081114d19380428xo |r|p|||| |000 b|slo
015 |a SNBRRBVU1918-1938 
015 |a SNBRB1918-1938 
038 |a SNKBUCL 
038 |a SNKBUVU 
040 |a SNKBUVU  |b slo  |c SNKBUCL  |e AACR2 
041 0 |a slo 
044 |a xo  |c SK 
080 |a 75.071.1:061.4  |2 1997 
080 |a 061.4  |2 1997 
245 0 0 |a Nová výstava v BUK-u 
600 1 7 |a Mudroch, Ján,  |d 1909-1968  |2 snkbucl  |9 118104 
610 2 7 |a Bratislavský umelecký kabinet (Bratislava, Slovensko)  |2 snkbucl  |9 101770 
648 7 |a 1938  |2 MM  |9 310540 
651 7 |a Bratislava (Slovensko)  |2 MM  |9 14568 
773 0 |t Slovenský hlas  |g Roč. 1, č. 97 (28.4.1938), s. 9 
852 |a SNK  |b KIS3GCP 
910 |a snkrbvumm 
958 |a VY 
999 |c 2550839  |d 2552769